000
00330nam a22001457a 4500
008
230901b ||||| |||| 00| 0 eng d
020
_a
2800226731027
041
_a
eng
080
_a
101
082
_a
101RUD
100
_a
40
101
_a
FILOZ
245
_a
THE GREAT DEVONIAN CONTRO-VERSY
_c
RUDWICK .S.J.M
942
_2
udc
_c
BK
999
_c
60237
_d
60237